01089nam a2200277Ia 4500001001200000003000800012006001900020007001500039008004100054020001500095040002100110035002100131050002900152245012100181260005900302300001100361490004300372533015200415650002000567650001400587655002900601700001900630710001700649856012600666999001900792ebr10103420CaPaEBRm u cr cn|||||||||000815s2005 enk s 000 0 eng d z1845448650 aCaPaEBRcCaPaEBR a(OCoLC)13316878914aHF5549.5.T7b.E38 2005eb00aEducation and training perspectives in a small business contexth[electronic resource] /cguest editor Harry Matlay. aBradford, England :bEmerald Group Publishing,cc2005. a165 p.0 aEducation + training ;vv. 47, no. 8/9 aElectronic reproduction.bPalo Alto, Calif. :cebrary,d2009.nAvailable via World Wide Web.nAccess may be limited to ebrary affiliated libraries. 0aSmall business. 0aTraining. 7aElectronic books.2local1 aMatlay, Harry.2 aebrary, Inc.40uhttp://site.ebrary.com/lib/rucke/Doc?id=10103420zAn electronic book accessible through the World Wide Web; click to view c206729d206729